000
00291nam a22001337a 4500
008
210519b ||||| |||| 00| 0 eng d
041
_a
eng
080
_a
53
082
_a
53
100
_a
43
101
_a
FIZ
245
_a
Science & Ideas Selected Readings
_c
Arons,A.B
942
_2
udc
_c
BK
999
_c
57514
_d
57514